[Event "Irena Warakomska Memorial B"]
[Site "Suwalki"]
[Date "2020.08.13"]
[Round "9"]
[White "Obolonin, Filipp"]
[Black "Stefaniuk, Zbigniew"]
[Result "1-0"]
[Board "10"]
[WhiteElo "1880"]
[WhiteCountry "EST"]
[WhiteFideId "4505549"]
[WhiteEloChange "2"]
[BlackElo "1538"]
[BlackCountry "POL"]
[BlackFideId "21894949"]
[BlackEloChange "-2"]

1. d4 {[%clk 1:30:43]} d5 {[%clk 1:29:49]} 2. Nf3 {[%clk 1:30:30]} e6 {[%clk
1:29:51]} 3. g3 {[%clk 1:30:06]} f5 {[%clk 1:29:31]} 4. Bg2 {[%clk 1:30:30]} Nf6
{[%clk 1:29:46]} 5. Bg5 {[%clk 1:30:54]} Be7 {[%clk 1:27:01]} 6. Bxf6 {[%clk
1:31:15]} Bxf6 {[%clk 1:27:17]} 7. e3 {[%clk 1:31:31]} O-O {[%clk 1:26:35]} 8.
O-O {[%clk 1:31:54]} Nd7 {[%clk 1:23:17]} 9. Nbd2 {[%clk 1:32:05]} Be7 {[%clk
1:21:42]} 10. c4 {[%clk 1:32:27]} c6 {[%clk 1:21:37]} 11. Rc1 {[%clk 1:32:30]}
Nf6 {[%clk 1:20:44]} 12. Ne5 {[%clk 1:32:53]} Ne4 {[%clk 1:18:11]} 13. f3 {[%clk
1:28:31]} Nxd2 {[%clk 1:17:40]} 14. Qxd2 {[%clk 1:28:55]} Bf6 {[%clk 1:09:04]}
15. cxd5 {[%clk 1:27:02]} cxd5 {[%clk 1:08:34]} 16. Qb4 {[%clk 1:25:38]} Qe7
{[%clk 1:02:16]} 17. Qb3 {[%clk 1:23:29]} Bxe5 {[%clk 0:58:42]} 18. dxe5 {[%clk
1:23:47]} b6 {[%clk 0:58:28]} 19. e4 {[%clk 1:23:56]} Bb7 {[%clk 0:56:09]} 20.
exf5 {[%clk 1:24:18]} Rxf5 {[%clk 0:55:50]} 21. f4 {[%clk 1:24:38]} Rff8 {[%clk
0:51:40]} 22. g4 {[%clk 1:22:48]} Rac8 {[%clk 0:49:19]} 23. Rxc8 {[%clk 1:10:44]}
Rxc8 {[%clk 0:49:22]} 24. f5 {[%clk 1:11:03]} Ba6 {[%clk 0:44:47]} 25. Re1 {[%clk
1:04:20]} Bc4 {[%clk 0:30:36]} 26. Qe3 {[%clk 0:50:21]} Qb4 {[%clk 0:23:12]} 27.
b3 {[%clk 0:41:54]} d4 {[%clk 0:21:49]} 28. Qf2 {[%clk 0:40:37]} Ba6 {[%clk
0:20:04]} 29. fxe6 {[%clk 0:40:51]} Rf8 {[%clk 0:18:44]} 30. Qh4 {[%clk 0:36:55]}
d3 {[%clk 0:15:38]} 31. Be4 {[%clk 0:33:11]} Qd4+ {[%clk 0:10:31]} 32. Kg2 {[%clk
0:26:22]} h6 {[%clk 0:04:07]} 33. e7 {[%clk 0:26:10]} Rc8 {[%clk 0:02:09]} 34.
Bf3 {[%clk 0:23:15]} d2 {[%clk 0:01:36]} 35. Rd1 {[%clk 0:23:12]} Qxe5 {[%clk
0:00:48]} 36. Rxd2 {[%clk 0:23:26]} Re8 {[%clk 0:00:36]} 37. Qg3 {[%clk 0:20:04]}
Qxg3+ {[%clk 0:00:43]} 38. Kxg3 {[%clk 0:20:27]} Rxe7 {[%clk 0:00:56]} 39. h4
{[%clk 0:20:47]} Bb7 {[%clk 0:00:51]} 40. Be2 {[%clk 0:50:49]} Bc6 {[%clk
0:30:35]} 41. Bc4+ {[%clk 0:50:37]} Kh7 {[%clk 0:30:21]} 42. h5 {[%clk 0:49:55]}
Rd7 {[%clk 0:28:54]} 43. Re2 {[%clk 0:49:34]} b5 {[%clk 0:17:45]} 44. Be6 {[%clk
0:49:57]} Rd3+ {[%clk 0:17:49]} 45. Kf4 {[%clk 0:48:39]} Rd4+ {[%clk 0:16:56]}
46. Ke5 {[%clk 0:48:40]} Rd8 {[%clk 0:14:05]} 47. Rc2 {[%clk 0:48:36]} Bf3 {[%clk
0:11:34]} 48. Bf5+ {[%clk 0:48:50]} Kh8 {[%clk 0:10:01]} 49. Rc7 {[%clk 0:49:07]}
a6 {[%clk 0:09:38]} 50. b4 {[%clk 0:49:19]} Bh1 {[%clk 0:08:19]} 51. a3 {[%clk
0:46:26]} Bf3 {[%clk 0:06:42]} 52. Kf4 {[%clk 0:46:17]} Bh1 {[%clk 0:06:22]} 53.
g5 {[%clk 0:45:55]} hxg5+ {[%clk 0:04:54]} 54. Kxg5 {[%clk 0:45:58]} Bf3 {[%clk
0:03:54]} 55. h6 {[%clk 0:45:05]} gxh6+ {[%clk 0:03:24]} 56. Kxh6 {[%clk
0:45:24]} Rd6+ {[%clk 0:03:21]} 57. Bg6 {[%clk 0:44:03]} Rd8 {[%clk 0:02:33]} 58.
Ra7 {[%clk 0:44:21]} Ra8 {[%clk 0:01:26]} 59. Rh7+ {[%clk 0:44:43]} Kg8 {[%clk
0:01:43]} 60. Bf7+ {[%clk 0:45:07]} Kf8 {[%clk 0:01:37]} 61. Bh5 {[%clk 0:45:21]}
Bd5 {[%clk 0:01:11]} 62. Kg5 {[%clk 0:44:56]} Rd8 {[%clk 0:01:00]} 63. Ra7 {[%clk
0:44:51]} Ra8 {[%clk 0:00:58]} 64. Rxa8+ {[%clk 0:45:06]} Bxa8 {[%clk 0:01:22]}
65. Kf6 {[%clk 0:45:31]} Bb7 {[%clk 0:00:38]} 66. Ke6 {[%clk 0:45:54]} Kg7 {[%clk
0:00:47]} 67. Kd6 {[%clk 0:45:52]} Kf6 {[%clk 0:01:06]} 68. Kc7 {[%clk 0:45:47]}
Bd5 {[%clk 0:01:04]} 69. Kb6 {[%clk 0:46:12]} Ke5 {[%clk 0:01:01]} 70. Kxa6
{[%clk 0:46:34]} Bc4 {[%clk 0:00:41]} 71. Be8 {[%clk 0:46:56]} Kd6 {[%clk
0:00:51]} 72. Bxb5 {[%clk 0:47:18]} Bd5 {[%clk 0:01:09]} 73. Kb6 {[%clk 0:47:42]}
Ba8 {[%clk 0:00:51]} 74. a4 {[%clk 0:47:50]} Bd5 {[%clk 0:01:09]} 75. a5 {[%clk
0:48:13]} Ba8 {[%clk 0:01:17]} 76. Ba6 {[%clk 0:48:36]} Bd5 {[%clk 0:01:23]} 77.
Bb7 {[%clk 0:48:59]} Bc4 {[%clk 0:01:36]} 78. a6 {[%clk 0:48:56]} 1-0

[Event "Irena Warakomska Memorial B"]
[Site "Suwalki"]
[Date "2020.08.13"]
[Round "9"]
[White "Pietryk, Joanna"]
[Black "Pieczulis, Hubert"]
[Result "0-1"]
[Board "21"]
[WhiteElo "1313"]
[WhiteCountry "POL"]
[WhiteFideId "21881308"]
[WhiteEloChange "-6"]
[BlackElo "1456"]
[BlackCountry "POL"]
[BlackFideId "21860335"]
[BlackEloChange "6"]

1. e4 {[%clk 1:30:30]} e6 {[%clk 1:30:30]} 2. d4 {[%clk 1:30:30]} d5 {[%clk
1:30:30]} 3. Nd2 {[%clk 1:30:30]} Nf6 {[%clk 1:30:30]} 4. e5 {[%clk 1:30:30]}
Nfd7 {[%clk 1:30:30]} 5. f4 {[%clk 1:30:30]} c5 {[%clk 1:30:30]} 6. c3 {[%clk
1:30:30]} Nc6 {[%clk 1:30:30]} 7. Ndf3 {[%clk 1:30:30]} cxd4 {[%clk 1:30:30]} 8.
cxd4 {[%clk 1:30:30]} a6 {[%clk 1:30:30]} 9. Ne2 {[%clk 1:30:30]} Qa5+ {[%clk
1:30:30]} 10. Kf2 {[%clk 1:30:30]} f6 {[%clk 1:30:30]} 11. g3 {[%clk 1:30:30]}
Be7 {[%clk 1:30:30]} 12. Bh3 {[%clk 1:30:30]} f5 {[%clk 1:30:30]} 13. Rg1 {[%clk
1:30:30]} Nf8 {[%clk 1:30:30]} 14. Kg2 {[%clk 1:30:30]} Bd7 {[%clk 1:30:30]} 15.
a3 {[%clk 1:30:30]} Rc8 {[%clk 1:30:30]} 16. Bd2 {[%clk 1:30:30]} Qd8 {[%clk
1:30:30]} 17. Kh1 {[%clk 1:30:30]} Na5 {[%clk 1:30:30]} 18. Bxa5 {[%clk 1:30:30]}
Qxa5 {[%clk 1:30:30]} 19. Nc3 {[%clk 1:30:30]} Bb5 {[%clk 1:30:30]} 20. g4 {[%clk
1:30:30]} g6 {[%clk 1:30:30]} 21. gxf5 {[%clk 1:30:30]} gxf5 {[%clk 1:30:30]} 22.
Ng5 {[%clk 1:30:30]} Bxg5 {[%clk 1:30:30]} 23. Rxg5 {[%clk 1:30:30]} Ng6 {[%clk
1:30:30]} 24. Qh5 {[%clk 1:30:30]} Ke7 {[%clk 1:30:30]} 25. Qh6 {[%clk 1:30:30]}
Rcg8 {[%clk 1:30:30]} 26. Rc1 {[%clk 1:30:30]} Bd7 {[%clk 1:30:30]} 27. Rcg1
{[%clk 1:30:30]} Qb6 {[%clk 1:30:30]} 28. Rh5 {[%clk 1:30:30]} Qxb2 {[%clk
1:30:30]} 29. Bxf5 {[%clk 1:30:30]} Qxc3 {[%clk 1:30:30]} 30. Bxg6 {[%clk
1:30:30]} Qf3+ {[%clk 1:30:30]} 31. Rg2 {[%clk 1:30:30]} Rxg6 {[%clk 1:30:30]}
32. Qxg6 {[%clk 1:30:30]} hxg6 {[%clk 1:30:30]} 33. Rxh8 {[%clk 1:30:30]} Bb5
{[%clk 1:30:30]} 34. Rg8 {[%clk 1:30:30]} Bf1 {[%clk 1:30:30]} 35. Rxg6 {[%clk
1:30:30]} Bxg2+ {[%clk 1:30:30]} 36. Rxg2 {[%clk 1:30:30]} Qf1+ {[%clk 1:30:30]}
37. Rg1 {[%clk 1:30:30]} Qxf4 {[%clk 1:30:30]} 38. h3 {[%clk 1:30:30]} Qxd4
{[%clk 1:30:30]} 39. Kg2 {[%clk 1:30:30]} Qxe5 {[%clk 1:30:30]} 40. Rh1 {[%clk
1:30:30]} Qe4+ {[%clk 1:30:30]} 41. Kg1 {[%clk 1:30:30]} Qxh1+ {[%clk 1:30:30]}
42. Kxh1 {[%clk 1:30:30]} Kf6 {[%clk 1:30:30]} 43. Kg2 {[%clk 1:30:30]} e5 {[%clk
1:30:30]} 44. Kf3 {[%clk 1:30:30]} Kg5 {[%clk 1:30:30]} 45. Kg3 {[%clk 1:30:30]}
b5 {[%clk 1:30:30]} 0-1